000 00506nmm a2200145Ia 4500
008 251105s9999||||xx |||||||||||||||||und||
041 _aspa
100 _aMelamed Visbal, Janiel David
245 0 _aJusticia transicional en Colombia: La llave hacia una salida negociada al conflicto armado
264 _a[Bogotá, Colombia] :
_bUniversidad del Norte,
_c2019
300 _a312 páginas
650 _aPolitical Science (General)
856 _uhttps://public.digitaliapublishing.com/a/60676
942 _cCF
999 _c106681
_d106681